{"text_format":"1","workbook":"xlsx","n_sheets":2,"sheets":["main","fc"],"not_rendered":{"charts":0,"images":0,"macros":1,"external_links":0,"defined_names":0,"comments":0,"pivot_tables":0},"unopened":[],"bounds":{"document_bytes":16777216,"sheet_cells":100000,"rows_first":2000,"rows_last":500,"rows_between":2000,"halvings":0,"cell_chars":16384,"cell_head_chars":4096},"cells_cut":0,"cells_raw":0,"read":"whole","date_system":"1900"}

{"sheet":"main","index":0,"n_rows":16,"n_cols":15,"rows_kept":16,"cut":false,"hidden":false,"merged":[]}
[]
[]
[]
[null,null,null,null,null,null,null,null,null,"الصنف"]
[null,null,null,null,null,null,null,null,null,"a8",1,10,"m8",21,{"$f":"N5*L5","v":210}]
[]
[]
["كود الصنف","الصنف"]
[100,"a",1,10,"m1",50,{"$f":"F9*D9","v":500}]
[101,"a2",1,12,"m2",100,{"$f":"F10*D10","v":1200}]
[102,"a3",1,25,"m3",555,13875]
[103,"a4",1,33,"m4",225,7425]
[104,"a5",1,54,"m5",211,11394]
[105,"a6",1,200,"m6",115,23000]
[106,"a7",1,600,"m7",254,152400]
[107,"a8",1,10,"m8",21,210]

{"sheet":"fc","index":1,"n_rows":7,"n_cols":11,"rows_kept":7,"cut":false,"hidden":false,"merged":[]}
[null,null,null,null,null,null,null,null,"ادخل كود الصنف",102,"استعلام"]
[]
[]
[]
["الصنف"]
["a",1,10,"m1",50,{"$f":"E6*C6","v":500}]
["a3",1,25,"m3",555,{"$f":"E7*C7","v":13875}]